Televisión pública : del consumidor al ciudadano /
محفوظ في:
| مؤلفون آخرون: | |
|---|---|
| التنسيق: | غير معروف |
| اللغة: | Spanish |
| منشور في: |
Colombia :
Convento Andrés Bello,
2001.
|
| الموضوعات: | |
| الوسوم: |
إضافة وسم
لا توجد وسوم, كن أول من يضع وسما على هذه التسجيلة!
|
MARC
| LEADER | 000000000a22000000004500 | ||
|---|---|---|---|
| 001 | 011377 | ||
| 020 | |a 9586980790 | ||
| 041 | 0 | |a spa | |
| 082 | 0 | 4 | |a 384.55 |b T267t |
| 700 | 1 | |a Rincón, Omar, |e compilador | |
| 245 | 0 | 0 | |a Televisión pública : |b del consumidor al ciudadano / |c Omar Rincón, compilador. |
| 260 | 1 | |a Colombia : |b Convento Andrés Bello, |c 2001. | |
| 300 | |a 320 páginas | ||
| 500 | |a Colección George Yúdice | ||
| 650 | 4 | |a TELEVISION PUBLICA | |
| 650 | 4 | |a AMERICA LATINA | |
| 650 | 4 | |a TELESPECTADORES | |
| 650 | 4 | |a TELEVIDENTES | |
| 650 | 4 | |a TELEVISION DE ACCESO PUBLICO | |
| 650 | 4 | |a TELEVISION CULTURAL | |
| 650 | 4 | |a CONSUMO CULTURAL | |
| 999 | |c 16670 |d 16670 | ||
| 942 | |c BK |h 384.55 T267t |2 z | ||



